00895nam a22002177a 4500003000400000005001700004008004100021020001500062040000700077100002600084245017400110260003500284300002700319500005400346504003200400505011900432650002700551650003500578650001900613700004500632OSt20180928132108.0180220b xxu||||| |||| 00| 0 spa d a9505080850 cPJ aMaurino, Alberto Luis10aNotificaciones procesales :bautomática, personal o por cédula, tácita, postal y telegráfica, edictal /cAlberto Luis Maurino; prólogo de Augusto C. Belluscio. aBuenos Aires :cAstrea,b1990. axxxii, 324 p. c23 cm. aNotas y citas bibliográficas a pie de página. aBibliografía: p. 303-308. aContenido: Domicilio real, legal, especial y procesal. Demanda y juicio de desalojo. Nulidad de la notificación. 0aDERECHO PROCESAL CIVIL 0aACTOS Y DILIGENCIAS PROCESALES 0aNOTIFICACIÓN aBelluscio, Augusto César,eprologuista